Statistics for Skyscrapers Game: easy

Click here to take the quiz!

General Stats

  • This quiz has been taken 48 times
  • The average score is 22 of 25

Answer Stats

ANSWER % Correct
1
95%
2
95%
5
95%
3
95%
4
93%
4
93%
5
90%
3
88%
5
88%
5
88%
4
88%
3
88%
2
88%
2
88%
2
88%
1
88%
1
88%
1
88%
5
88%
1
85%
3
85%
3
85%
4
85%
4
85%
2
85%

Score Distribution

Percentile by Number Answered

Percent of People with Each Score

Your Score History

You have not taken this quiz